Entra en ti /

Detalles Bibliográficos
Autores principales: Montalt Alcayde, Enrique, 1948- (Autor), Montalt Alcayde, Mercedes, 1950- (Autor)
Formato: Electrónico eBook
Lenguaje:español
Publicado: Bilbao : Desclée De Brouwer, 2015.
Colección:Colección a los cuatro vientos ; 61.
Materias:
Acceso en línea:Digitalia Hispánica

MARC

LEADER 00000nam a2200000 i 4500
001 DIGDESCL0162
003 NyNyDIG
006 m o d
007 cr |||||||||||
008 231119s2015 sp a ob 000 0 spa d
035 |a (OCoLC)1410557421 
040 |a DGITA  |b eng  |e rda  |e pn  |c DGITA 
020 |a 9788433037756  |q eBook 
020 |z 9788433027528 
050 1 4 |a BF632 ebook 
100 1 |a Montalt Alcayde, Enrique,  |d 1948-  |e author. 
245 1 0 |a Entra en ti /  |c Enrique y Mercedes Montalt Alcayde. 
264 1 |a Bilbao :  |b Desclée De Brouwer,  |c 2015. 
300 |a 1 online resource :  |b illustrations. 
336 |a text  |b txt  |2 rdacontent 
337 |a computer file  |b c  |2 rdamedia 
338 |a online resource  |b cr  |2 rdacarrier 
347 |a text file  |2 rdaft 
347 |b EPUB 
490 1 |a Colección a los cuatro vientos ;  |v 61 
504 |a Includes bibliographical references. 
588 0 |a Online resource; title from ePub title page (Digitalia, viewed November 19, 2023) 
650 0 |a Self-help techniques. 
650 0 |a Affirmations. 
650 0 |a Self-talk. 
700 1 |a Montalt Alcayde, Mercedes,  |d 1950-  |e author. 
776 0 8 |i Print version:  |a Montalt Alcayde, Enrique, 1948-  |t Entra en ti.  |d Bilbao : Desclée De Brouwer, [2014]  |z 9788433027528 
791 2 |a Digitalia (Firm),  |e distributor. 
793 0 |g Digitalia eBook Collection:  |a Editorial Desclée De Brouwer 
830 0 |a Colección a los cuatro vientos ;  |v 61. 
856 4 0 |3 Digitalia Hispánica  |u https://www.digitaliapublishing.com/a/84234/ 
910 |a Premium collection: 2023